| Tag |
First Indicator |
Second Indicator |
Subfields |
| LEADER |
00000cam a2200000 4500 |
| 001 |
in00003880413 |
| 005 |
20190415192934.0 |
| 006 |
m o d |
| 007 |
cr |n||||||||n |
| 008 |
830620s1800 xxu|||| o 00| | eng c |
| 035 |
|
|
|a (CU-RivES)W3103
|
| 035 |
|
|
|a (Uk-ES)006444578
|
| 035 |
|
|
|a (OCoLC)510868701
|
| 040 |
|
|
|a MWA
|c MWA
|d CU-RivES
|d CStRLIN
|d Cengage Gale
|d UtOrBLW
|
| 050 |
|
4 |
|a Z1215
|b .T433 1800
|
| 100 |
1 |
|
|a Thacher, Peter,
|d 1752-1802.
|0 http://id.loc.gov/authorities/names/n85351549
|
| 245 |
1 |
2 |
|a A sermon, occasioned by the death of General George Washington :
|b and preached Feb. 22, 1800, by their direction, before His Honor Moses Gill, Esq. commander in chief, the Honorable Council, the Honorable Senate and House of Representatives of the Commonwealth of Massachusetts. By Peter Thacher, D.D. Chaplain to the General Court.
|
| 264 |
|
3 |
|a Boston :
|b --Printed by Young and Minns,
|c [1800]
|
| 300 |
|
|
|a 1 online resource (21 pages, 3 unnumbered pages)
|
| 336 |
|
|
|a text
|b txt
|2 rdacontent
|
| 337 |
|
|
|a computer
|b c
|2 rdamedia
|
| 338 |
|
|
|a online resource
|b cr
|2 rdacarrier
|
| 500 |
|
|
|a Half-title: Dr. Thacher's sermon, on the death of General Washington.
|
| 509 |
|
|
|a Signatures: [A]⁴ B-C⁴ (C3 verso, C4 blank)
|
| 510 |
4 |
|
|a Evans,
|c 38618
|
| 510 |
4 |
|
|a Stillwell, M.B. Washington eulogies,
|c 233
|
| 510 |
4 |
|
|a Sabin,
|c 95174
|
| 510 |
4 |
|
|a English Short Title Catalog,
|c W3103.
|
| 500 |
|
|
|a Reproduction of original from Library of Congress.
|
| 500 |
|
|
|a Electronic resource.
|
| 600 |
1 |
0 |
|a Washington, George,
|d 1732-1799
|x Death and burial.
|
| 655 |
|
7 |
|a Electronic books.
|2 local
|
| 655 |
|
7 |
|a Funeral sermons
|y 1800.
|2 rbgenr
|
| 700 |
1 |
|
|a Young, Alexander,
|d 1768?-1834,
|e printer.
|0 http://id.loc.gov/authorities/names/nr89014848
|
| 700 |
1 |
|
|a Minns, Thomas,
|d 1773-1836,
|e printer.
|0 http://id.loc.gov/authorities/names/n87837931
|
| 710 |
2 |
|
|a Gale (Firm)
|0 http://id.loc.gov/authorities/names/no2008071348
|
| 710 |
1 |
|
|a Massachusetts.
|b General Court,
|e author.
|0 http://id.loc.gov/authorities/names/n79055635
|
| 710 |
1 |
|
|a Massachusetts.
|b General Court.
|0 http://id.loc.gov/authorities/names/n79055635
|
| 752 |
|
|
|a United States
|b Massachusetts
|d Boston.
|
| 856 |
4 |
0 |
|u http://proxy.library.tamu.edu/login?url=http://find.galegroup.com/ecco/infomark.do?contentSet=ECCOArticles&docType=ECCOArticles&bookId=1415600200&type=getFullCitation&tabID=T001&prodId=ECCO&docLevel=TEXT_GRAPHICS&version=1.0&source=library&userGroupName=txshracd2898
|z Connect to the full text of this electronic book
|t 0
|
| 999 |
f |
f |
|s 077344f0-8d5a-3dec-95a6-34afb89e5d3e
|i dbbee94e-3591-333d-b85e-10dda507ff0a
|t 0
|
| 952 |
f |
f |
|a Texas A&M University
|b College Station
|c Electronic Resources
|d Available Online
|t 0
|e Z1215 .T433 1800
|h Library of Congress classification
|
| 998 |
f |
f |
|a Z1215 .T433 1800
|t 0
|l Available Online
|